Francisco de Quevedo y Villegas (ediciones y estudios) (Record no. 28134)

MARC details
000 -LEADER
campo de control de longitud fija 00665nam a2200181 i 4500
001 - NÚMERO DE CONTROL
campo de control 28134
003 - IDENTIFICADOR DE NÚMERO DE CONTROL
campo de control ES-MaACL
005 - FECHA Y HORA DE LA ÚLTIMA TRANSACCIÓN
campo de control 20231112063031.0
007 - CAMPO FIJO DE DESCRIPCIÓN FÍSICA--INFORMACIÓN GENERAL
campo de control de longitud fija t|
008 - DATOS DE LONGITUD FIJA--INFORMACIÓN GENERAL
campo de control de longitud fija 030116s1983 sp ||||1| spa d
100 1# - ENTRADA PRINCIPAL--NOMBRE DE PERSONA
Nombre de persona Balcells, José María,
Fechas asociadas al nombre 1943-
9 (RLIN) 24862
245 10 - MENCIÓN DEL TÍTULO
Título Francisco de Quevedo y Villegas (ediciones y estudios)
Resto del título : el estado de la cuestión /
Mención de responsabilidad, etc. José María Balcells.
260 ## - PUBLICACIÓN, DISTRIBUCIÓN, ETC.
Lugar de publicación, distribución, etc. [Madrid] :
Nombre del editor, distribuidor, etc. Servicio de Publicaciones del Ministerio de Educacion y Ciencia,
Fecha de publicación, distribución, etc. 1983.
300 ## - DESCRIPCIÓN FÍSICA
Extensión [4] p. ;
Dimensiones 28 cm.
500 ## - NOTA GENERAL
Nota general Separata de : Nueva Revista de Eseñanzas Medias, nº 2, 1983.
852 ## - LOCALIZACIÓN
Ubicación ES-MaACL
Número de control de estantería 2129-F-35
Holdings
Estatus retirado Estado de pérdida Estado de daño No para préstamo Colección Biblioteca de origen Biblioteca actual Ubicación en estantería Fecha de adquisición Fuente de adquisición Total de préstamos Signatura topográfica completa Código de barras Visto por última vez Precio de reemplazo Tipo de ítem Koha
        Colección de folletos Biblioteca del Ateneo de Madrid Biblioteca del Ateneo de Madrid Depósito folletos 17/01/2008     2129-F-35 1029045 23/02/2023 23/02/2023 Folleto